| Поле | Название | Значение |
| |
Тип записи |
a |
| |
Библиографический уровень |
m |
| 001 |
Контрольный номер |
SKBR/42b446eb-b420-420d-ad98-d30a8a47fec8 |
| 005 |
Дата корректировки |
20260626124209.7 |
| 010 |
Индекс ISBN |
__ |
| a |
ISBN |
978-5-235-05165-2 |
| 9 |
Тираж |
2000 экз. |
| b |
Уточнения |
в пер. |
| d |
Цена |
942-99 |
| 035 |
Другие системные номера |
__ |
| a |
Идентификатор записи |
RU\NLR\BIBL_A\022384241 |
| 100 |
Данные общей обработки |
__ |
| a |
Данные общей обработки |
20241119d2024 ma y0rusa028902 ca |
| 101 |
Язык документа |
0_ |
| a |
Язык текста |
rus |
| 102 |
Страна публикации |
__ |
| a |
Страна публикации |
RU |
| 105 |
Кодированные данные (монография) |
__ |
| a |
Кодированные данные (монография) |
acfhz 000yb |
| 181 |
Поле кодированных данных: вид содержания |
_0 |
| a |
Код вида содержания (ISBD) |
i |
| 182 |
Поле кодированных данных: тип средства |
_0 |
| a |
Код типа средства (ISBD) |
n |
| 200 |
Заглавие и сведения об ответственности |
1_ |
| a |
Заглавие |
Татьяна Лиознова. Мгновения прекрасной и яростной жизни |
| f |
Первые сведения об ответственности |
Валентин Свининников |
| 203 |
Вид содержания и тип средства |
__ |
| a |
Вид содержания |
Текст |
| c |
Тип средства |
непосредственный |
| 210 |
Выходные данные |
1_ |
| a |
Место издания |
Москва |
| c |
Издательство |
Молодая гвардия |
| d |
Дата издания |
2024 |
| 215 |
Физическое описание |
__ |
| a |
Объем |
205, [2] с., [8] л. ил. |
| c |
Иллюстрации/тип воспроизводства |
ил., портр., факс. |
| d |
Формат |
21 см |
| 225 |
Серия |
1_ |
| a |
Серия |
Жизнь замечательных людей |
| e |
Сведения, относящиеся к заглавию серии |
cерия биографий |
| f |
Сведения об ответственности |
основана в 1890 году Ф. Павленковым и продолжена в 1933 г. М. Горьким |
| v |
Обозначение тома |
вып. 2213 (2013) |
| 330 |
Аннотация |
__ |
| a |
Аннотация |
Книга о народной артистке СССР, выдающемся кинорежиссёре Татьяне Лиозновой родилась на основе тщательного изучения её личного архива, проведённого автором книги впервые, бесед с её названной дочерью Людмилой Лисиной, воспоминаний учеников Лиозновой, актёров, испытавших трудное счастье работать с "железной леди" советского кино над созданием её шедевров, которые уже десятки лет не покидают экраны кино и телевидения. Книга - это разговор о её творчестве, о гражданской позиции, о трепетном отношении к людям, причём не только близким. Для неё, по собственным словам, не было ни чужой беды, ни чужой боли. |
| 333 |
Примечание о целевом назначении |
__ |
| a |
Примечание о целевом назначении |
16+. Для детей старше 16 лет |
| 517 |
Другие варианты заглавия |
1_ |
| a |
Другие варианты заглавия |
Мгновения прекрасной и яростной жизни |
| 600 |
Персоналии |
_1 |
| a |
Персоналии (Фамилия) |
Лиознова |
| b |
Персоналии (Имя) |
Т. М. |
| g |
Полное имя |
Татьяна Михайловна |
| f |
Даты |
1924-2011 |
| 2 |
Код системы |
nlr_sh |
| 606 |
Тематические рубрики |
__ |
| 2 |
Код системы |
nlr_sh |
| a |
Основная рубрика |
Музыка и зрелищные искусства |
| 606 |
Тематические рубрики |
__ |
| 2 |
Код системы |
nlr_sh |
| a |
Основная рубрика |
Художественно-игровое кино |
| y |
Географическая подрубрика |
Россия |
| y |
Географическая подрубрика |
СССР |
| 610 |
Ключевые слова |
0_ |
| a |
Ключевые слова |
биографии |
| 610 |
Ключевые слова |
0_ |
| a |
Ключевые слова |
биографические сведения |
| 610 |
Ключевые слова |
0_ |
| a |
Ключевые слова |
факты биографии |
| 610 |
Ключевые слова |
0_ |
| a |
Ключевые слова |
мемуары |
| 610 |
Ключевые слова |
0_ |
| a |
Ключевые слова |
советское кино |
| 610 |
Ключевые слова |
0_ |
| a |
Ключевые слова |
русское кино |
| 610 |
Ключевые слова |
0_ |
| a |
Ключевые слова |
советский кинематограф |
| 610 |
Ключевые слова |
0_ |
| a |
Ключевые слова |
советские режиссеры |
| 610 |
Ключевые слова |
0_ |
| a |
Ключевые слова |
советские драматурги |
| 610 |
Ключевые слова |
0_ |
| a |
Ключевые слова |
легенды кинематографа |
| 610 |
Ключевые слова |
0_ |
| a |
Ключевые слова |
режиссеры |
| 610 |
Ключевые слова |
0_ |
| a |
Ключевые слова |
драматурги |
| 610 |
Ключевые слова |
0_ |
| a |
Ключевые слова |
знаменитые драматурги |
| 610 |
Ключевые слова |
0_ |
| a |
Ключевые слова |
персоналии |
| 610 |
Ключевые слова |
0_ |
| a |
Ключевые слова |
воспоминания |
| 610 |
Ключевые слова |
0_ |
| a |
Ключевые слова |
воспоминания современников |
| 686 |
Индексы других классификаций |
__ |
| a |
Классификационный индекс |
85.374.3(2)6-8 |
| 2 |
Код системы |
rubbks |
| 700 |
Автор |
_1 |
| a |
Фамилия |
Свининников |
| b |
Имя |
В. М. |
| f |
Даты |
1937- |
| g |
Полное личное имя |
Валентин Михайлович |
| 4 |
Код отношения |
070 |
| 801 |
Источник записи |
_0 |
| a |
Страна |
RU |
| b |
Организация |
NLR |
| c |
Дата составления |
20241119 |
| g |
Правила каталогизации |
PSBO |
| 801 |
Источник записи |
_1 |
| a |
Страна |
RU |
| b |
Организация |
NLR |
| c |
Дата составления |
20241119 |
| g |
Правила каталогизации |
PSBO |
| 801 |
Источник записи |
_2 |
| a |
Страна |
RU |
| b |
Организация |
NLR |
| c |
Дата составления |
20250401 |
| 2 |
Код формата |
rusmarc |
| g |
Правила каталогизации |
PSBO |
| 852 |
Данные о местонахождении |
__ |
| i |
Авторский знак |
С 24 |
| j |
Шифр хранения |
85.374.3(2)6-8 |
| 900 |
Макрообъекты |
__ |
| a |
Макрообъекты |
Татьяна Лиознова. Свининников, В. М., 2024 |
| 901 |
Тип документа |
__ |
| a |
Ответственный |
ООФиК/Волкова |
| t |
Тип документа |
m |
| 901 |
Тип документа |
__ |
| a |
Ответственный |
7 партия |
| 903 |
Характеристики (МАРС) |
__ |
| a |
Дата передачи |
20260616 |
| c |
Наименование библиотеки (МАРС) |
Муниципальное бюджетное учреждение культуры "Централизованная библиотечная система" г. Сургут (Центральная городская библиотека им. А. С. Пушкина) |
| 969 |
Тип издания |
__ |
| a |
Тип издания |
популярное издание |
| a |
Тип издания |
Ф 26 |
| 990 |
Данные о заказе (DOS) |
__ |
| j |
Количество экземпляров (DOS) |
1 |
| t |
N записи в КСУ для И/У (DOS) |
202607 |